000 00949cam a2200241 4500
008 000000n2000 000 0 eng u
020 _a1841400955
035 _a(Sirsi) u109063
050 _a336.2
100 _aRedston, Anne
245 _aIR35 : personal service companies.
260 _aLondon
_bABG Publications
_c2000
300 _axxxviii, 434p. ; 24cm.
350 _a49.50
520 _aIt is estimated that over 100,000 individuals will be affected by the new tax rules on personal service companies, not only those with personal service companies but also some partnerships. This book is a guide to IR35, clarifying the legislation and providing advice on how to fully comply with the new rules and avoid the potential pitfalls.
650 _aIR35
650 _aCORPORATION TAX
650 _aPARTNERSHIP TAXATION
650 _aPERSONAL SERVICE COMPANIES
650 _aCOMPANY ACCOUNTS
690 _aTAXATION
942 _n0
999 _c100878
_d100878